| Tag |
First Indicator |
Second Indicator |
Subfields |
| LEADER |
00000cam a2200000Ia 4500 |
| 001 |
in00002292607 |
| 005 |
20190326193240.0 |
| 006 |
m | d | |
| 007 |
cr |n||||||||n |
| 008 |
890623s1849 enk s 000 0 eng d |
| 040 |
|
|
|a DLM
|c GKR
|d OCL
|d Thomson Gale
|d UtOrBLW
|
| 043 |
|
|
|a e-uk---
|
| 245 |
0 |
0 |
|a Railway competition :
|b a letter to George Carr Glynn, Esq., M.P., Chairman of the London & North Western Railway.
|
| 264 |
|
1 |
|a London :
|b E. Wilson,
|c 1849.
|
| 300 |
|
|
|a 31 pages
|
| 336 |
|
|
|a text
|b txt
|2 rdacontent
|
| 337 |
|
|
|a computer
|b c
|2 rdamedia
|
| 338 |
|
|
|a online resource
|b cr
|2 rdacarrier
|
| 500 |
|
|
|a Reproduction of original from Goldsmiths' Library, University of London.
|
| 500 |
|
|
|a Goldsmiths'-Kress number 36422.
|
| 510 |
4 |
|
|a OCLC,
|c 19916066
|
| 533 |
|
|
|a Electronic reproduction.
|b Farmington Hills, Mich. :
|c Thomson Gale,
|d 2005.
|f (The making of the modern world).
|n Available via the World Wide Web.
|n Access limited to licensing agreements.
|7 s2005 miunns
|
| 500 |
|
|
|a Electronic resource.
|
| 610 |
2 |
0 |
|a London and North-Western Railway.
|
| 650 |
|
0 |
|a Railroads
|x Competitions
|z Great Britain.
|
| 650 |
|
0 |
|a Railroads and state
|z Great Britain.
|
| 655 |
|
0 |
|a Electronic books.
|
| 700 |
1 |
|
|a Glyn, George Carr,
|d 1797-1873.
|
| 830 |
|
0 |
|a Making of the modern world (Goldsmiths'-Kress Library of Economic Literature)
|
| 856 |
4 |
0 |
|u http://proxy.library.tamu.edu/login?url=http://galenet.galegroup.com/servlet/MOME?af=RN&ae=U106864434&srchtp=a&ste=14&locID=txshracd2898
|z Connect to the full text of this electronic book
|t 0
|
| 999 |
|
|
|a MARS
|
| 999 |
f |
f |
|s c8f1cc29-256b-338f-8270-c26bef05f0b9
|i 37e86e5d-e043-3c60-b9c3-3f91de2327c9
|t 0
|
| 952 |
f |
f |
|a Texas A&M University
|b College Station
|c Electronic Resources
|d Available Online
|t 0
|h No information provided
|
| 998 |
f |
f |
|t 0
|l Available Online
|